000 00524nam a2200157 4500
008 020104s1978 miu engta
020 _a0825421233
090 _aBS1465.2
_bAr5s
100 1 _aArnot, William
245 1 0 _aStudies in Proverbs :
_blaws from heaven for life on earth /
_cWilliam Arnot.
260 _aMichigan :
_bKregel,
_cc1978.
300 _a583 p.
650 4 _aBible. O.T. Proverbs
_xCriticism, interpretation, etc.
950 0 _14.95/11.50
951 _p12291
_oBS1465.2/Ar5s
_j070613111032921
_d2000-12-21
_cREF
999 _c8254
_d8254